[Event "Greek Team Championship"]
[Site "chess24.com"]
[Date "2017.07.07"]
[Round "6"]
[White "Panagiotakos, Nikolaos"]
[Black "Galani, Anna"]
[Result "1-0"]
[Board "4"]
[WhiteElo "2115"]
[WhiteCountry "GRE"]
[WhiteFideId "4213246"]
[WhiteEloChange "2"]
[BlackElo "1480"]
[BlackCountry "GRE"]
[BlackFideId "4278429"]
[BlackEloChange "-2"]

1. e4 {[%clk 1:28:16]} e6 {[%clk 1:30:53]} 2. d4 {[%clk 1:28:34]} d5 {[%clk
1:31:18]} 3. Nc3 {[%clk 1:28:47]} Bb4 {[%clk 1:31:09]} 4. e5 {[%clk 1:29:07]} b6
{[%clk 1:32:01]} 5. a3 {[%clk 1:28:07]} Bf8 {[%clk 1:32:21]} 6. f4 {[%clk
1:26:13]} Nh6 {[%clk 1:32:24]} 7. Nf3 {[%clk 1:25:54]} Ba6 {[%clk 1:31:32]} 8.
Bxa6 {[%clk 1:25:40]} Nxa6 {[%clk 1:31:54]} 9. Qd3 {[%clk 1:26:06]} Nb8 {[%clk
1:30:34]} 10. Be3 {[%clk 1:24:45]} Nf5 {[%clk 1:30:25]} 11. Bf2 {[%clk 1:24:41]}
h5 {[%clk 1:30:48]} 12. O-O-O {[%clk 1:22:33]} Nc6 {[%clk 1:23:45]} 13. g3 {[%clk
1:19:16]} a5 {[%clk 1:19:50]} 14. h3 {[%clk 1:17:32]} g6 {[%clk 1:07:31]} 15. g4
{[%clk 1:17:22]} Nfe7 {[%clk 1:07:13]} 16. Bh4 {[%clk 1:15:58]} Qd7 {[%clk
1:04:57]} 17. Bf6 {[%clk 1:14:31]} Rg8 {[%clk 1:04:01]} 18. gxh5 {[%clk 1:05:12]}
gxh5 {[%clk 1:03:27]} 19. Qh7 {[%clk 1:04:39]} O-O-O {[%clk 0:58:38]} 20. Ng5
{[%clk 1:03:29]} Re8 {[%clk 0:57:28]} 21. Qxf7 {[%clk 1:02:58]} Nd8 {[%clk
0:52:42]} 22. Qxh5 {[%clk 0:58:42]} Nf5 {[%clk 0:52:08]} 23. Rhg1 {[%clk
0:56:28]} Be7 {[%clk 0:43:30]} 24. Bxe7 {[%clk 0:50:04]} Qxe7 {[%clk 0:43:38]}
25. Qe2 {[%clk 0:45:37]} Nc6 {[%clk 0:40:24]} 26. Qa6+ {[%clk 0:41:01]} Kd8
{[%clk 0:39:11]} 27. Ne2 {[%clk 0:39:42]} Ref8 {[%clk 0:35:14]} 28. Rd3 {[%clk
0:35:30]} Rh8 {[%clk 0:31:29]} 29. c4 {[%clk 0:34:41]} Qd7 {[%clk 0:21:23]} 30.
cxd5 {[%clk 0:30:56]} exd5 {[%clk 0:20:30]} 31. e6 {[%clk 0:30:13]} Qe8 {[%clk
0:16:42]} 32. Nf7+ {[%clk 0:28:16]} Ke7 {[%clk 0:17:05]} 33. Nxh8 {[%clk
0:24:47]} Rxh8 {[%clk 0:17:25]} 34. Qb7 {[%clk 0:24:07]} Kd6 {[%clk 0:16:31]} 35.
Nc3 {[%clk 0:23:50]} Qxe6 {[%clk 0:14:44]} 36. Nb5+ {[%clk 0:24:01]} Ke7 {[%clk
0:13:55]} 37. Nxc7 {[%clk 0:22:56]} Qd7 {[%clk 0:12:14]} 38. Nxd5+ {[%clk
0:20:21]} Kd6 {[%clk 0:12:06]} 39. Rg6+ {[%clk 0:20:22]} 1-0

[Event "Greek Team Championship"]
[Site "chess24.com"]
[Date "2017.07.07"]
[Round "6"]
[White "Amiridou, Dimitra"]
[Black "Goczo, Melinda"]
[Result "0-1"]
[Board "5"]
[WhiteElo "1803"]
[WhiteCountry "GRE"]
[WhiteFideId "4218230"]
[WhiteEloChange "-2"]
[BlackElo "2189"]
[BlackTitle "WIM"]
[BlackCountry "HUN"]
[BlackFideId "711985"]
[BlackEloChange "2"]

1. e4 {[%clk 1:30:54]} c6 {[%clk 1:30:55]} 2. d4 {[%clk 1:31:02]} g6 {[%clk
1:31:15]} 3. Nc3 {[%clk 1:31:09]} d5 {[%clk 1:31:33]} 4. h3 {[%clk 1:31:23]} Bg7
{[%clk 1:30:55]} 5. Nf3 {[%clk 1:31:09]} Nh6 {[%clk 1:29:27]} 6. Bf4 {[%clk
1:27:59]} f6 {[%clk 1:27:15]} 7. exd5 {[%clk 1:18:34]} cxd5 {[%clk 1:27:32]} 8.
Bb5+ {[%clk 1:18:43]} Nc6 {[%clk 1:25:55]} 9. Qe2 {[%clk 1:17:04]} O-O {[%clk
1:24:22]} 10. Nxd5 {[%clk 1:07:51]} Nf5 {[%clk 1:03:39]} 11. O-O-O {[%clk
0:54:43]} Kh8 {[%clk 0:53:18]} 12. Nc7 {[%clk 0:42:47]} e5 {[%clk 0:51:31]} 13.
Nxa8 {[%clk 0:23:28]} exf4 {[%clk 0:51:27]} 14. h4 {[%clk 0:21:21]} Bd7 {[%clk
0:25:17]} 15. h5 {[%clk 0:20:01]} g5 {[%clk 0:18:21]} 16. h6 {[%clk 0:13:10]}
Nxh6 {[%clk 0:17:13]} 17. Bd3 {[%clk 0:13:12]} Re8 {[%clk 0:14:40]} 18. Qd2
{[%clk 0:11:14]} Qxa8 {[%clk 0:14:42]} 19. Rh2 {[%clk 0:09:31]} Nf5 {[%clk
0:13:10]} 20. c3 {[%clk 0:08:36]} Qc8 {[%clk 0:12:53]} 21. Qc2 {[%clk 0:08:17]}
h6 {[%clk 0:12:05]} 22. Nd2 {[%clk 0:08:25]} Nfxd4 {[%clk 0:11:17]} 23. Qa4
{[%clk 0:05:43]} b5 {[%clk 0:06:49]} 24. Bxb5 {[%clk 0:05:14]} Nxb5 {[%clk
0:07:15]} 25. Qxb5 {[%clk 0:05:39]} Ne5 {[%clk 0:06:56]} 26. Qd5 {[%clk 0:05:21]}
Be6 {[%clk 0:06:40]} 27. Qa5 {[%clk 0:05:22]} Bf5 {[%clk 0:05:28]} 28. Nf3 {[%clk
0:03:04]} Nd3+ {[%clk 0:05:14]} 29. Rxd3 {[%clk 0:01:56]} Bxd3 {[%clk 0:05:38]}
30. Qxa7 {[%clk 0:02:23]} Qe6 {[%clk 0:01:44]} 31. Qd4 {[%clk 0:02:25]} Qe2
{[%clk 0:01:31]} 32. Qa4 {[%clk 0:02:05]} Qf1+ {[%clk 0:00:44]} 33. Qd1 {[%clk
0:02:11]} Qxd1+ {[%clk 0:00:40]} 34. Kxd1 {[%clk 0:02:37]} Kg8 {[%clk 0:00:50]}
35. Rh1 {[%clk 0:02:46]} Re2 {[%clk 0:01:06]} 36. Ne1 {[%clk 0:02:52]} Ba6 {[%clk
0:01:28]} 37. Nc2 {[%clk 0:02:20]} Rxf2 {[%clk 0:01:44]} 38. Rg1 {[%clk 0:02:32]}
f5 {[%clk 0:01:52]} 39. a4 {[%clk 0:02:18]} Bc4 {[%clk 0:01:34]} 40. a5 {[%clk
0:32:15]} Bb3 {[%clk 0:31:53]} 0-1

[Event "Greek Team Championship"]
[Site "chess24.com"]
[Date "2017.07.07"]
[Round "6"]
[White "Serpetsidaki, Eva"]
[Black "Tsolaki, Eleni"]
[Result "1-0"]
[Board "6"]
[WhiteElo "1623"]
[WhiteCountry "GRE"]
[WhiteFideId "4248902"]
[WhiteEloChange "14"]
[BlackElo "1766"]
[BlackCountry "GRE"]
[BlackFideId "4218892"]
[BlackEloChange "-14"]

1. e4 {[%clk 1:30:30]} c5 {[%clk 1:30:40]} 2. Nf3 {[%clk 1:31:22]} e6 {[%clk
1:30:59]} 3. d4 {[%clk 1:31:48]} cxd4 {[%clk 1:31:22]} 4. Nxd4 {[%clk 1:32:14]}
Nf6 {[%clk 1:31:44]} 5. Nc3 {[%clk 1:32:39]} d6 {[%clk 1:32:08]} 6. g4 {[%clk
1:33:03]} h6 {[%clk 1:32:33]} 7. h4 {[%clk 1:33:30]} Nc6 {[%clk 1:32:27]} 8. Rg1
{[%clk 1:33:24]} d5 {[%clk 1:26:12]} 9. exd5 {[%clk 1:33:24]} Nxd5 {[%clk
1:25:50]} 10. Nxd5 {[%clk 1:33:45]} Qxd5 {[%clk 1:25:30]} 11. Nxc6 {[%clk
1:33:27]} Qxd1+ {[%clk 1:22:44]} 12. Kxd1 {[%clk 1:33:46]} bxc6 {[%clk 1:23:12]}
13. Bf4 {[%clk 1:31:16]} Bb7 {[%clk 1:19:43]} 14. Bg2 {[%clk 1:28:45]} O-O-O+
{[%clk 1:15:19]} 15. Ke2 {[%clk 1:27:25]} Ba6+ {[%clk 1:09:50]} 16. Kf3 {[%clk
1:26:35]} Bd6 {[%clk 1:04:09]} 17. Rad1 {[%clk 1:21:31]} e5 {[%clk 0:56:01]} 18.
Be3 {[%clk 1:20:38]} e4+ {[%clk 0:36:43]} 19. Kxe4 {[%clk 1:20:26]} Be2 {[%clk
0:30:14]} 20. Rd2 {[%clk 1:12:38]} Rhe8+ {[%clk 0:28:37]} 21. Kf5 {[%clk
1:12:11]} Re5+ {[%clk 0:26:08]} 22. Kf4 {[%clk 1:12:33]} Ra5+ {[%clk 0:25:09]}
23. Rxd6 {[%clk 1:08:25]} Rxd6 {[%clk 0:25:19]} 24. a3 {[%clk 1:08:12]} Ra4+
{[%clk 0:23:29]} 25. b4 {[%clk 1:05:01]} Rxa3 {[%clk 0:20:09]} 26. Be4 {[%clk
1:05:11]} Rd1 {[%clk 0:16:42]} 27. Rxd1 {[%clk 1:03:45]} Bxd1 {[%clk 0:17:11]}
28. Bd4 {[%clk 1:03:30]} f6 {[%clk 0:14:27]} 29. c3 {[%clk 1:01:33]} g5+ {[%clk
0:09:07]} 30. Kg3 {[%clk 0:59:56]} gxh4+ {[%clk 0:07:56]} 31. Kxh4 {[%clk
1:00:11]} Kc7 {[%clk 0:05:59]} 32. Bxf6 {[%clk 1:00:26]} Ra2 {[%clk 0:06:00]} 33.
Bd4 {[%clk 1:00:10]} Re2 {[%clk 0:04:12]} 34. Be3 {[%clk 0:50:10]} Re1 {[%clk
0:03:42]} 35. Bf5 {[%clk 0:46:50]} Rh1+ {[%clk 0:03:01]} 36. Kg3 {[%clk 0:47:10]}
a6 {[%clk 0:02:43]} 37. Kg2 {[%clk 0:45:28]} Re1 {[%clk 0:03:06]} 38. Bxh6 {[%clk
0:37:23]} c5 {[%clk 0:02:19]} 39. Be3 {[%clk 0:30:43]} cxb4 {[%clk 0:01:50]} 40.
cxb4 {[%clk 1:01:06]} Bb3 {[%clk 0:31:12]} 41. Bd3 {[%clk 0:58:35]} Bd5+ {[%clk
0:26:38]} 42. Kg3 {[%clk 0:57:37]} Kb7 {[%clk 0:25:50]} 43. g5 {[%clk 0:53:10]}
Rd1 {[%clk 0:24:56]} 44. Bh7 {[%clk 0:50:42]} Rh1 {[%clk 0:22:18]} 45. Bf5 {[%clk
0:47:53]} Kc6 {[%clk 0:21:52]} 46. Bd3 {[%clk 0:44:11]} Ra1 {[%clk 0:19:30]} 47.
Kf4 {[%clk 0:42:09]} Ra4 {[%clk 0:18:45]} 48. Ke5 {[%clk 0:34:49]} Rxb4 {[%clk
0:15:17]} 49. Bxa6 {[%clk 0:35:04]} Re4+ {[%clk 0:15:40]} 50. Kf5 {[%clk
0:35:09]} Ra4 {[%clk 0:11:18]} 51. Bd3 {[%clk 0:35:07]} Kd6 {[%clk 0:08:02]} 52.
Kf6 {[%clk 0:34:23]} Ra3 {[%clk 0:07:31]} 53. Bh7 {[%clk 0:34:00]} Ra6 {[%clk
0:06:16]} 54. g6 {[%clk 0:33:13]} Be4 {[%clk 0:05:03]} 55. Bg5 {[%clk 0:26:37]}
Kd7+ {[%clk 0:02:28]} 56. Kg7 {[%clk 0:26:50]} Ra5 {[%clk 0:02:27]} 57. f4 {[%clk
0:26:56]} Ke6 {[%clk 0:02:09]} 58. Bg8+ {[%clk 0:24:20]} Kf5 {[%clk 0:01:24]} 59.
Bf7 {[%clk 0:24:27]} Bd5 {[%clk 0:00:52]} 60. Bxd5 {[%clk 0:22:49]} Rxd5 {[%clk
0:01:22]} 61. Kh7 {[%clk 0:22:37]} Rd7+ {[%clk 0:00:34]} 62. g7 {[%clk 0:22:54]}
Kg4 {[%clk 0:00:31]} 63. Kh8 {[%clk 0:22:07]} 1-0

[Event "Greek Team Championship"]
[Site "chess24.com"]
[Date "2017.07.07"]
[Round "6"]
[White "Galani, Dimitra"]
[Black "Vitsaxaki, Iris"]
[Result "0-1"]
[Board "7"]
[WhiteElo "1501"]
[WhiteCountry "GRE"]
[WhiteFideId "4283368"]
[WhiteEloChange "-12"]
[BlackElo "1419"]
[BlackCountry "GRE"]
[BlackFideId "4249070"]
[BlackEloChange "12"]

1. e4 {[%clk 1:30:50]} e5 {[%clk 1:30:54]} 2. Nf3 {[%clk 1:31:04]} Nc6 {[%clk
1:31:16]} 3. Bb5 {[%clk 1:30:56]} a6 {[%clk 1:31:33]} 4. Ba4 {[%clk 1:31:05]} Nf6
{[%clk 1:31:54]} 5. d3 {[%clk 1:31:23]} d6 {[%clk 1:32:16]} 6. c3 {[%clk
1:31:45]} g6 {[%clk 1:32:27]} 7. O-O {[%clk 1:30:47]} Bg7 {[%clk 1:32:51]} 8.
Nbd2 {[%clk 1:28:50]} O-O {[%clk 1:33:03]} 9. Re1 {[%clk 1:28:36]} Nh5 {[%clk
1:32:53]} 10. Nf1 {[%clk 1:23:19]} f5 {[%clk 1:32:58]} 11. Bb3+ {[%clk 1:20:41]}
Kh8 {[%clk 1:32:56]} 12. Ne3 {[%clk 1:19:03]} fxe4 {[%clk 1:30:12]} 13. dxe4
{[%clk 1:18:52]} Nf4 {[%clk 1:27:27]} 14. Nd5 {[%clk 1:18:45]} Nxd5 {[%clk
1:23:39]} 15. Bxd5 {[%clk 1:17:51]} Bg4 {[%clk 1:22:25]} 16. Re3 {[%clk 1:04:21]}
Qd7 {[%clk 1:17:25]} 17. h3 {[%clk 1:02:22]} Be6 {[%clk 1:15:31]} 18. Ng5 {[%clk
0:52:46]} Bxd5 {[%clk 1:07:46]} 19. Qxd5 {[%clk 0:52:02]} Nd8 {[%clk 1:02:42]}
20. Rd3 {[%clk 0:37:51]} Qc6 {[%clk 0:59:55]} 21. Qxc6 {[%clk 0:37:44]} Nxc6
{[%clk 1:00:05]} 22. Ne6 {[%clk 0:38:02]} Rf7 {[%clk 0:59:25]} 23. Bg5 {[%clk
0:35:04]} Re8 {[%clk 0:58:45]} 24. Nxg7 {[%clk 0:35:02]} Kxg7 {[%clk 0:59:10]}
25. b4 {[%clk 0:23:59]} Ra8 {[%clk 0:50:49]} 26. Be3 {[%clk 0:22:41]} Rff8 {[%clk
0:46:51]} 27. a4 {[%clk 0:20:43]} Rfb8 {[%clk 0:41:14]} 28. Rd2 {[%clk 0:15:36]}
Nd8 {[%clk 0:37:27]} 29. Rad1 {[%clk 0:09:43]} Nf7 {[%clk 0:37:22]} 30. c4 {[%clk
0:09:44]} Rd8 {[%clk 0:36:44]} 31. Kf1 {[%clk 0:08:36]} Kf6 {[%clk 0:36:31]} 32.
h4 {[%clk 0:08:19]} a5 {[%clk 0:27:34]} 33. Rb1 {[%clk 0:03:16]} axb4 {[%clk
0:25:19]} 34. Rxb4 {[%clk 0:03:40]} b6 {[%clk 0:25:34]} 35. Ra2 {[%clk 0:02:57]}
Ra5 {[%clk 0:25:19]} 36. Rb5 {[%clk 0:01:44]} Rda8 {[%clk 0:24:55]} 37. Rxa5
{[%clk 0:01:56]} Rxa5 {[%clk 0:24:39]} 38. Ke2 {[%clk 0:02:10]} Ke6 {[%clk
0:25:02]} 39. Kd3 {[%clk 0:02:13]} Nd8 {[%clk 0:25:11]} 40. Kc3 {[%clk 0:31:21]}
Nb7 {[%clk 0:54:20]} 41. Kb4 {[%clk 0:20:55]} Kd7 {[%clk 0:44:00]} 42. Ra1 {[%clk
0:18:06]} Nd8 {[%clk 0:42:45]} 43. Rh1 {[%clk 0:15:00]} Ne6 {[%clk 0:41:05]} 44.
h5 {[%clk 0:14:22]} g5 {[%clk 0:39:31]} 45. h6 {[%clk 0:14:34]} Ke7 {[%clk
0:39:53]} 46. Rh3 {[%clk 0:11:28]} Kf6 {[%clk 0:37:44]} 47. Rf3+ {[%clk 0:09:28]}
Kg6 {[%clk 0:34:50]} 48. Rf5 {[%clk 0:08:48]} Ra8 {[%clk 0:34:49]} 49. g3 {[%clk
0:06:22]} Rf8 {[%clk 0:33:42]} 50. Rxf8 {[%clk 0:05:47]} Nxf8 {[%clk 0:34:06]}
51. f4 {[%clk 0:05:20]} gxf4 {[%clk 0:33:19]} 52. gxf4 {[%clk 0:05:36]} exf4
{[%clk 0:33:45]} 53. Bxf4 {[%clk 0:05:55]} Ne6 {[%clk 0:34:09]} 54. Be3 {[%clk
0:06:03]} Kf6 {[%clk 0:34:26]} 55. Kc3 {[%clk 0:03:16]} c5 {[%clk 0:32:17]} 56.
Kd3 {[%clk 0:03:09]} Ke5 {[%clk 0:30:50]} 57. Bd2 {[%clk 0:02:46]} Nc7 {[%clk
0:22:02]} 58. Ke3 {[%clk 0:02:48]} Kf6 {[%clk 0:21:17]} 59. Kf3 {[%clk 0:02:08]}
Ne6 {[%clk 0:19:31]} 60. Ke3 {[%clk 0:01:31]} Kg6 {[%clk 0:18:40]} 61. Kf3 {[%clk
0:01:27]} Nd4+ {[%clk 0:16:42]} 62. Kg4 {[%clk 0:01:02]} Nb3 {[%clk 0:08:32]} 63.
Bf4 {[%clk 0:01:13]} Na5 {[%clk 0:08:55]} 64. Bxd6 {[%clk 0:01:19]} Nxc4 {[%clk
0:09:18]} 65. e5 {[%clk 0:01:07]} Nxd6 {[%clk 0:08:37]} 66. exd6 {[%clk 0:01:35]}
Kf6 {[%clk 0:08:56]} 67. d7 {[%clk 0:01:42]} Ke7 {[%clk 0:09:23]} 68. Kf4 {[%clk
0:01:54]} Kxd7 {[%clk 0:09:16]} 69. Ke4 {[%clk 0:01:12]} Ke6 {[%clk 0:09:37]} 70.
Kd3 {[%clk 0:01:19]} Kd5 {[%clk 0:07:55]} 71. Kc3 {[%clk 0:01:28]} c4 {[%clk
0:07:57]} 72. Kc2 {[%clk 0:00:46]} Kd4 {[%clk 0:08:13]} 73. Kd2 {[%clk 0:01:10]}
c3+ {[%clk 0:08:26]} 74. Kc2 {[%clk 0:01:31]} Kc4 {[%clk 0:08:48]} 75. Kc1 {[%clk
0:01:38]} Kb3 {[%clk 0:09:03]} 76. Kb1 {[%clk 0:01:55]} Kxa4 {[%clk 0:09:29]} 77.
Kc2 {[%clk 0:02:02]} Kb4 {[%clk 0:09:53]} 0-1

[Event "Greek Team Championship"]
[Site "chess24.com"]
[Date "2017.07.07"]
[Round "6"]
[White "Kadianis, Georgios"]
[Black "Paterakis, Emmanouil"]
[Result "0-1"]
[Board "8"]
[WhiteElo "1980"]
[WhiteCountry "GRE"]
[WhiteFideId "4264681"]
[WhiteEloChange "-13"]
[BlackElo "1857"]
[BlackCountry "GRE"]
[BlackFideId "4259718"]
[BlackEloChange "13"]

1. e4 {[%clk 1:30:55]} Nf6 {[%clk 1:30:44]} 2. e5 {[%clk 1:31:12]} Nd5 {[%clk
1:31:10]} 3. d4 {[%clk 1:31:31]} d6 {[%clk 1:31:37]} 4. c4 {[%clk 1:31:53]} Nb6
{[%clk 1:31:59]} 5. exd6 {[%clk 1:32:17]} exd6 {[%clk 1:32:21]} 6. Bd3 {[%clk
1:31:46]} Be7 {[%clk 1:31:29]} 7. Ne2 {[%clk 1:32:07]} O-O {[%clk 1:30:35]} 8.
O-O {[%clk 1:32:30]} Nc6 {[%clk 1:27:24]} 9. Nbc3 {[%clk 1:29:44]} Bf6 {[%clk
1:16:34]} 10. b3 {[%clk 1:27:44]} Bg4 {[%clk 1:12:43]} 11. f3 {[%clk 1:27:02]}
Bh5 {[%clk 1:12:18]} 12. Be3 {[%clk 1:25:51]} Bg6 {[%clk 1:08:01]} 13. Ne4 {[%clk
1:18:43]} Be7 {[%clk 1:06:13]} 14. N4g3 {[%clk 1:14:29]} Bxd3 {[%clk 1:03:30]}
15. Qxd3 {[%clk 1:14:51]} Re8 {[%clk 1:01:43]} 16. Rae1 {[%clk 1:11:07]} d5
{[%clk 1:00:12]} 17. c5 {[%clk 1:04:26]} Nd7 {[%clk 0:57:56]} 18. Nf5 {[%clk
1:01:07]} Bf6 {[%clk 0:56:14]} 19. Nf4 {[%clk 0:59:06]} Nf8 {[%clk 0:53:29]} 20.
a3 {[%clk 0:54:41]} Ne6 {[%clk 0:50:34]} 21. Ne2 {[%clk 0:51:25]} Ne7 {[%clk
0:44:54]} 22. Nfg3 {[%clk 0:49:54]} g6 {[%clk 0:39:57]} 23. f4 {[%clk 0:48:45]}
Ng7 {[%clk 0:40:11]} 24. Bd2 {[%clk 0:46:47]} Qd7 {[%clk 0:35:56]} 25. b4 {[%clk
0:32:19]} Nef5 {[%clk 0:33:45]} 26. Bc3 {[%clk 0:16:28]} Re3 {[%clk 0:28:35]} 27.
Qd2 {[%clk 0:16:28]} Rae8 {[%clk 0:28:27]} 28. Nxf5 {[%clk 0:14:39]} Nxf5 {[%clk
0:26:53]} 29. Ng3 {[%clk 0:12:09]} Rxe1 {[%clk 0:22:43]} 30. Rxe1 {[%clk
0:12:30]} Rxe1+ {[%clk 0:22:52]} 31. Qxe1 {[%clk 0:12:57]} Bxd4+ {[%clk 0:23:11]}
32. Bxd4 {[%clk 0:09:51]} Nxd4 {[%clk 0:23:32]} 33. Qc3 {[%clk 0:07:43]} Nf5
{[%clk 0:20:29]} 34. Ne2 {[%clk 0:07:17]} Qe6 {[%clk 0:20:01]} 35. Kf2 {[%clk
0:06:51]} Qe4 {[%clk 0:18:25]} 36. c6 {[%clk 0:05:57]} bxc6 {[%clk 0:15:36]} 37.
Qxc6 {[%clk 0:06:20]} Qe3+ {[%clk 0:16:02]} 38. Kf1 {[%clk 0:06:05]} d4 {[%clk
0:15:43]} 39. Qxc7 {[%clk 0:02:28]} d3 {[%clk 0:14:30]} 40. Ng3 {[%clk 0:32:14]}
Nxg3+ {[%clk 0:44:22]} 41. hxg3 {[%clk 0:32:39]} Qe2+ {[%clk 0:44:22]} 42. Kg1
{[%clk 0:33:03]} d2 {[%clk 0:44:53]} 43. Qd8+ {[%clk 0:30:40]} Kg7 {[%clk
0:45:07]} 44. Qd4+ {[%clk 0:30:40]} Kh6 {[%clk 0:45:06]} 0-1

[Event "Greek Team Championship"]
[Site "chess24.com"]
[Date "2017.07.07"]
[Round "6"]
[White "Triantafilidis, Mihail"]
[Black "Serpetsidakis, Nikolaos"]
[Result "0-1"]
[Board "9"]
[WhiteElo "1900"]
[WhiteCountry "GRE"]
[WhiteFideId "4282930"]
[WhiteEloChange "-7"]
[BlackElo "2013"]
[BlackCountry "GRE"]
[BlackFideId "4260678"]
[BlackEloChange "7"]

1. e4 {[%clk 1:30:38]} e6 {[%clk 1:30:56]} 2. d4 {[%clk 1:30:54]} d5 {[%clk
1:31:20]} 3. Nd2 {[%clk 1:31:16]} Be7 {[%clk 1:31:34]} 4. Ngf3 {[%clk 1:31:38]}
Nf6 {[%clk 1:31:46]} 5. e5 {[%clk 1:31:58]} Nfd7 {[%clk 1:32:11]} 6. Bd3 {[%clk
1:32:21]} c5 {[%clk 1:32:36]} 7. c3 {[%clk 1:32:47]} Nc6 {[%clk 1:33:02]} 8. O-O
{[%clk 1:33:10]} a5 {[%clk 1:31:35]} 9. Re1 {[%clk 1:28:22]} cxd4 {[%clk
1:23:57]} 10. cxd4 {[%clk 1:28:45]} Qb6 {[%clk 1:24:22]} 11. Qa4 {[%clk 1:25:31]}
Qb4 {[%clk 1:22:57]} 12. Bb5 {[%clk 1:25:31]} Qxa4 {[%clk 1:22:44]} 13. Bxa4
{[%clk 1:23:26]} O-O {[%clk 1:21:46]} 14. a3 {[%clk 1:17:49]} Na7 {[%clk
1:16:14]} 15. Nb1 {[%clk 1:12:51]} b5 {[%clk 1:15:51]} 16. Bc2 {[%clk 1:12:52]}
Nb6 {[%clk 1:09:40]} 17. Bg5 {[%clk 1:07:11]} f6 {[%clk 1:03:22]} 18. exf6 {[%clk
1:06:10]} gxf6 {[%clk 1:01:20]} 19. Bh4 {[%clk 1:05:09]} Rf7 {[%clk 0:53:14]} 20.
Nbd2 {[%clk 0:59:54]} Bd7 {[%clk 0:52:01]} 21. g4 {[%clk 0:47:43]} Rg7 {[%clk
0:50:02]} 22. h3 {[%clk 0:46:51]} h5 {[%clk 0:42:31]} 23. g5 {[%clk 0:44:43]}
fxg5 {[%clk 0:32:19]} 24. Bg3 {[%clk 0:43:19]} Nc6 {[%clk 0:25:36]} 25. Bd3
{[%clk 0:36:32]} Nc4 {[%clk 0:24:14]} 26. b3 {[%clk 0:35:38]} Nxa3 {[%clk
0:21:05]} 27. Ne5 {[%clk 0:31:16]} Nb4 {[%clk 0:09:52]} 28. Bf1 {[%clk 0:22:50]}
Be8 {[%clk 0:07:51]} 29. Rxa3 {[%clk 0:23:00]} Nc2 {[%clk 0:08:09]} 30. Raa1
{[%clk 0:23:11]} Bb4 {[%clk 0:05:10]} 31. Ndf3 {[%clk 0:22:02]} g4 {[%clk
0:04:33]} 32. hxg4 {[%clk 0:22:00]} hxg4 {[%clk 0:04:55]} 33. Rac1 {[%clk
0:12:14]} Bxe1 {[%clk 0:04:40]} 34. Rxc2 {[%clk 0:10:51]} gxf3 {[%clk 0:05:02]}
35. Bh3 {[%clk 0:11:17]} Rd8 {[%clk 0:00:36]} 36. Bxe6+ {[%clk 0:11:25]} Kf8
{[%clk 0:00:59]} 37. Nd3 {[%clk 0:10:00]} Bb4 {[%clk 0:00:39]} 38. Nxb4 {[%clk
0:10:00]} axb4 {[%clk 0:00:39]} 39. Rc5 {[%clk 0:03:23]} Bf7 {[%clk 0:01:32]} 40.
Bxf7 {[%clk 0:30:33]} Kxf7 {[%clk 0:31:18]} 41. Rxb5 {[%clk 0:25:10]} Ra8 {[%clk
0:31:21]} 42. Rb7+ {[%clk 0:25:35]} Kg6 {[%clk 0:31:42]} 43. Rxg7+ {[%clk
0:25:34]} Kxg7 {[%clk 0:32:06]} 44. Bd6 {[%clk 0:26:01]} Ra3 {[%clk 0:32:30]} 45.
Bxb4 {[%clk 0:26:26]} Rxb3 {[%clk 0:32:56]} 46. Bd6 {[%clk 0:23:19]} Rb2 {[%clk
0:32:22]} 47. Kh2 {[%clk 0:21:21]} Rxf2+ {[%clk 0:32:42]} 48. Kg3 {[%clk
0:21:51]} Rf1 {[%clk 0:33:04]} 49. Kf4 {[%clk 0:22:04]} Kg6 {[%clk 0:33:12]} 50.
Be5 {[%clk 0:21:30]} Kh5 {[%clk 0:32:34]} 51. Bf6 {[%clk 0:21:50]} Rg1 {[%clk
0:32:12]} 52. Ke3 {[%clk 0:21:58]} Kg4 {[%clk 0:32:35]} 53. Be5 {[%clk 0:22:11]}
Rg2 {[%clk 0:32:29]} 54. Bd6 {[%clk 0:22:35]} Re2+ {[%clk 0:32:47]} 55. Kd3
{[%clk 0:23:00]} Re4 {[%clk 0:33:11]} 56. Bf4 {[%clk 0:22:49]} Rxf4 {[%clk
0:33:29]} 0-1

[Event "Greek Team Championship"]
[Site "chess24.com"]
[Date "2017.07.07"]
[Round "6"]
[White "Papidakis, Georgios"]
[Black "Kalogridis, Antonios"]
[Result "0-1"]
[Board "10"]
[WhiteElo "1635"]
[WhiteCountry "GRE"]
[WhiteFideId "4295099"]
[WhiteEloChange "-14"]
[BlackElo "1492"]
[BlackCountry "GRE"]
[BlackFideId "25833901"]
[BlackEloChange "14"]

1. d4 {[%clk 1:30:19]} d6 {[%clk 1:30:43]} 2. Nf3 {[%clk 1:30:43]} Nf6 {[%clk
1:30:46]} 3. Bg5 {[%clk 1:31:04]} Nbd7 {[%clk 1:30:59]} 4. c3 {[%clk 1:31:23]} h6
{[%clk 1:31:12]} 5. Bh4 {[%clk 1:31:47]} g5 {[%clk 1:31:24]} 6. Bg3 {[%clk
1:32:11]} Nh5 {[%clk 1:31:32]} 7. Nbd2 {[%clk 1:32:30]} Bg7 {[%clk 1:31:40]} 8.
e4 {[%clk 1:32:39]} e6 {[%clk 1:30:30]} 9. Bd3 {[%clk 1:32:19]} Qe7 {[%clk
1:29:20]} 10. O-O {[%clk 1:32:13]} O-O {[%clk 1:29:01]} 11. Ne1 {[%clk 1:26:02]}
Nxg3 {[%clk 1:28:47]} 12. hxg3 {[%clk 1:26:31]} b6 {[%clk 1:26:18]} 13. f4 {[%clk
1:23:32]} Bb7 {[%clk 1:17:02]} 14. Nc2 {[%clk 1:10:45]} Rfd8 {[%clk 1:15:15]} 15.
Ne3 {[%clk 1:08:25]} c5 {[%clk 1:10:46]} 16. Nf3 {[%clk 1:04:37]} Rac8 {[%clk
1:05:52]} 17. f5 {[%clk 1:04:05]} g4 {[%clk 0:53:38]} 18. Nxg4 {[%clk 1:02:18]}
exf5 {[%clk 0:53:02]} 19. exf5 {[%clk 1:01:58]} h5 {[%clk 0:50:04]} 20. Ngh2
{[%clk 0:56:25]} cxd4 {[%clk 0:47:30]} 21. Re1 {[%clk 0:30:59]} Ne5 {[%clk
0:47:25]} 22. Nxd4 {[%clk 0:28:22]} Qg5 {[%clk 0:47:06]} 23. Nf1 {[%clk 0:18:27]}
h4 {[%clk 0:47:04]} 24. Ne2 {[%clk 0:14:22]} h3 {[%clk 0:47:19]} 25. gxh3 {[%clk
0:06:16]} Nf3+ {[%clk 0:47:08]} 26. Kf2 {[%clk 0:06:39]} Nxe1 {[%clk 0:43:43]}
27. Qxe1 {[%clk 0:06:33]} Qh5 {[%clk 0:41:35]} 28. Nf4 {[%clk 0:04:40]} Qf3+
{[%clk 0:41:32]} 29. Kg1 {[%clk 0:05:10]} Be5 {[%clk 0:41:16]} 30. Qd1 {[%clk
0:01:27]} Qh1+ {[%clk 0:41:22]} 31. Kf2 {[%clk 0:01:56]} Bxf4 {[%clk 0:41:29]}
32. Qg4+ {[%clk 0:01:56]} Kf8 {[%clk 0:41:53]} 33. gxf4 {[%clk 0:01:08]} Qd5
{[%clk 0:41:07]} 34. Be2 {[%clk 0:00:41]} Qc5+ {[%clk 0:40:32]} 35. Kg3 {[%clk
0:00:35]} Ke7 {[%clk 0:40:49]} 36. Qg5+ {[%clk 0:00:39]} Kd7 {[%clk 0:41:01]} 37.
Bg4 {[%clk 0:00:39]} Qc6 {[%clk 0:40:45]} 38. f6+ {[%clk 0:00:45]} Kc7 {[%clk
0:41:03]} 39. Ne3 {[%clk 0:00:45]} Rg8 {[%clk 0:39:55]} 40. Qh4 {[%clk 0:30:38]}
Qf3+ {[%clk 1:09:19]} 41. Kh2 {[%clk 0:31:08]} Qxe3 {[%clk 1:09:30]} 42. Rf1
{[%clk 0:27:37]} Rce8 {[%clk 1:08:09]} 43. Qh5 {[%clk 0:23:15]} Qd2+ {[%clk
1:08:26]} 44. Kg3 {[%clk 0:23:22]} Qg2+ {[%clk 1:08:48]} 0-1